000 00312nam a22001337a 4500
008 170201b xxu||||| |||| 00| 0 eng d
020 _a9780683002614
041 _aeng
080 _22ND
_a61
100 _a3
101 _aSHM
245 _aEVALUATION AND TREATMENT OF CHRONIC PAIN
_cARONOFF G.M
942 _2udc
_cBK
999 _c4171
_d4171